Catálogo

Fundamentals of thermodynamics / (Registro nro. 3810)

Detalles MARC
000 -LEADER
fixed length control field 01172cam a2200301 i 4500
001 - CONTROL NUMBER
control field 3810
003 - CONTROL NUMBER IDENTIFIER
control field Mx-PuUPA
005 - DATE AND TIME OF LATEST TRANSACTION
control field 20260428122440.0
008 - FIXED-LENGTH DATA ELEMENTS--GENERAL INFORMATION
fixed length control field 140415s2025 njuad fr 000 0 eng d
020 ## - INTERNATIONAL STANDARD BOOK NUMBER
International Standard Book Number 9781394212910
Qualifying information empastado
040 ## - CATALOGING SOURCE
Transcribing agency Mx-PuUPA
Original cataloging agency Mx-PuUPA
Language of cataloging spa
Modifying agency Mx-PuUPA
Description conventions rda
041 0# - LANGUAGE CODE
Language code of text/sound track or separate title eng
100 1# - MAIN ENTRY--PERSONAL NAME
Personal name Borgnakke, C.
Fuller form of name (Claus),
Relator term autor
9 (RLIN) 18053
245 10 - TITLE STATEMENT
Title Fundamentals of thermodynamics /
Statement of responsibility, etc. Claus Borgnakke
250 ## - EDITION STATEMENT
Edition statement 11e edition
264 #1 - PRODUCTION, PUBLICATION, DISTRIBUTION, MANUFACTURE, AND COPYRIGHT NOTICE
Place of production, publication, distribution, manufacture Hoboken, New Jersey :
Name of producer, publisher, distributor, manufacturer John Wiley & Sons,
Date of production, publication, distribution, manufacture, or copyright notice ©2025
300 ## - PHYSICAL DESCRIPTION
Extent xvii, 491 páginas :
Other physical details ilustraciones, gráficas, ecuaciones, diagramas,
Dimensions 2025
336 ## - CONTENT TYPE
Fuente rdacontent
Content type term texto
Content type code txt
337 ## - MEDIA TYPE
Source rdamedia
Media type term sin medio
Media type code n
338 ## - CARRIER TYPE
Source rdacarrier
Carrier type term volumen
Carrier type code nc
650 #7 - SUBJECT ADDED ENTRY--TOPICAL TERM
Source of heading or term armarc
Topical term or geographic name entry element Termodinámica
650 #7 - SUBJECT ADDED ENTRY--TOPICAL TERM
Source of heading or term armarc
Topical term or geographic name entry element Termodinámica
Form subdivision Libros de texto
942 ## - ADDED ENTRY ELEMENTS (KOHA)
Source of classification or shelving scheme Dewey Decimal Classification
Koha item type Libro
Classification part 621.4021
Item part B72
Existencias
Withdrawn status Lost status Source of classification or shelving scheme Damaged status Not for loan Collection code Home library Current library Shelving location Date acquired Source of acquisition Cost, normal purchase price Total Checkouts Full call number Barcode Date last seen Cost, replacement price Price effective from Koha item type Copy number
    Dewey Decimal Classification     General Biblioteca Karol Wojtyla Biblioteca Karol Wojtyla Sala general 17/04/2026 2 2581.68   621.4021 B72 2025 106599 08/05/2026 2581.68 17/04/2026 Reserva permanente  
    Dewey Decimal Classification     General Biblioteca Karol Wojtyla Biblioteca Karol Wojtyla Sala general 17/04/2026 2 2581.68   621.4021 B72 2025 106600 08/05/2026 2581.68 17/04/2026 Reserva permanente Ej.2